000
00323nam a22001217a 4500
999
_c
9576
_d
9576
003
OSt
008
201203b ||||| |||| 00| 0 eng d
245
_a
Bulletin of Materials Science
250
_a
2017(Oct Vol.40 No.6, Dec Vol.40 No.7)
260
_a
Bengaluru
_b
Springer
650
_a
Mechanical Engineering
942
_2
ddc
_c
BV